Cactus Jack/JACKBOYS Discography - Statistics

General Stats
  • This quiz has been taken 24 times
  • The average score is 10 of 12
Answer Stats
Year Artist Album % Correct
2018 Travis Scott ASTROWORLD
100%
2017 Huncho Jack Huncho Jack, Jack Huncho
100%
2019 JACKBOYS JACKBOYS
100%
2023 Travis Scott UTOPIA
95%
2025* JACKBOYS JACKBOYS 2
91%
2024 Don Toliver Hardstone Psycho
82%
2018 Sheck Wes MUDBOY
82%
2020 Don Toliver Heaven or Hell
77%
2023 Don Toliver Love Sick
77%
2021 Don Toliver Life of a DON
64%
2022 SoFaygo Pink Heartz
50%
2023 SoFaygo Go+
41%
No matching quizzes found
Score Distribution
Percent of People with Each Score
Percentile by Number Answered
Your Score History
You have not taken this quiz